Vitaminas y vitaminoterapia (Record no. 19574)

MARC details
000 -LEADER
campo de control de longitud fija 01411nam a2200325 i 4500
001 - NÚMERO DE CONTROL
campo de control 19574
003 - IDENTIFICADOR DE NÚMERO DE CONTROL
campo de control ES-MaACL
005 - FECHA Y HORA DE LA ÚLTIMA TRANSACCIÓN
campo de control 20250806053931.0
007 - CAMPO FIJO DE DESCRIPCIÓN FÍSICA--INFORMACIÓN GENERAL
campo de control de longitud fija t|
008 - DATOS DE LONGITUD FIJA--INFORMACIÓN GENERAL
campo de control de longitud fija 021004s1950 sp ||||1| spa d
100 1# - ENTRADA PRINCIPAL--NOMBRE DE PERSONA
Nombre de persona Abderhalden, Emil,
Fechas asociadas al nombre 1877-1950
9 (RLIN) 18014
245 10 - MENCIÓN DEL TÍTULO
Título Vitaminas y vitaminoterapia
Resto del título : investigación y clínica /
Mención de responsabilidad, etc. Prof. Dr. E. Abderhalden, Prof. Dr. G. Mouriguand ; prólogo del Dr. T. Gordonoff ; versión española por los Doctores Octavio López Orejón y F. Ladrón de Guevara.
250 ## - MENCION DE EDICION
Mención de edición 1ª ed.
260 ## - PUBLICACIÓN, DISTRIBUCIÓN, ETC.
Lugar de publicación, distribución, etc. Madrid :
Nombre del editor, distribuidor, etc. Morata,
Fecha de publicación, distribución, etc. 1950 (
Fabricante F. Martínez)
300 ## - DESCRIPCIÓN FÍSICA
Extensión 455 p., 27 lám. ;
Dimensiones 22 cm.
490 1# - MENCIÓN DE SERIE
Mención de serie Tratado de terapeútica ;
Designación de volumen o secuencia 1
510 ## - NOTA DE CITAS O REFERENCIAS BIBLIOGRÁFICAS
Nombre de la fuente CCPB,
Localización dentro de la fuente 001344212-0
650 #7 - PUNTO DE ACCESO ADICIONAL DE MATERIA--TÉRMINO DE MATERIA
Término de materia o nombre geográfico como elemento de entrada Medicina clínica
Fuente del encabezamiento o término embne
9 (RLIN) 14921
650 #4 - PUNTO DE ACCESO ADICIONAL DE MATERIA--TÉRMINO DE MATERIA
9 (RLIN) 17836
Término de materia o nombre geográfico como elemento de entrada Vitaminas
700 1# - ENTRADA AGREGADA--NOMBRE PERSONAL
Nombre de persona Mouriguand, G.
9 (RLIN) 83901
700 1# - ENTRADA AGREGADA--NOMBRE PERSONAL
Nombre de persona Gordonoff, T.
9 (RLIN) 59171
700 1# - ENTRADA AGREGADA--NOMBRE PERSONAL
Nombre de persona López Orejón, Octavio.
9 (RLIN) 73844
700 1# - ENTRADA AGREGADA--NOMBRE PERSONAL
Nombre de persona Ladrón de Guevara, F.
9 (RLIN) 69446
830 0# - PUNTO DE ACCESO ADICIONAL DE SERIE-TÍTULO UNIFORME
Título uniforme Tratado de terapeútica ;
Designación de volumen o secuencia 1
9 (RLIN) 186697
852 ## - LOCALIZACIÓN
Ubicación ES-MaACL
Número de control de estantería D-6312
Sublocalización o colección R.30441
-- R.M.5907
itemnumber 20182
Ubicación en estantería Sala Valle Inclán
Marcas de propiedad Sello en tinta azul de la Biblioteca del Ateneo de Madrid
Anotaciones manuscritas Anotaciones manuscritas en cubierta: "No" ; "18"
Nota libre En cubierta: "11.DIC.1950"
942 ## - ELEMENTOS DE ENTRADA SECUNDARIOS (KOHA)
Fuente del sistema de clasificación o colocación Clasificación decimal universal
Tipo de ítem Koha Libro impreso
Holdings
Estatus retirado Estado de pérdida Estado de daño No para préstamo Biblioteca de origen Biblioteca actual Ubicación en estantería Fecha de adquisición Fuente de adquisición Total de préstamos Signatura topográfica completa Código de barras Visto por última vez Precio de reemplazo Tipo de ítem Koha
        Biblioteca del Ateneo de Madrid Biblioteca del Ateneo de Madrid Sala Valle Inclán 17/01/2008     D-6312 901020027 23/02/2023 23/02/2023 Libro impreso